| 000 | 01038nac a22002411u 4500 | ||
|---|---|---|---|
| 010 | _a 2003048769 | ||
| 020 | _a0072837055 (softcover : alk. paper) | ||
| 082 | 0 | 0 |
_a301 _bKOT |
| 090 |
_c5725 _d5725 |
||
| 100 | _aKottak, Conrad Phillip | ||
| 245 | 1 | 0 |
_aAnthropology : _bthe exploration of human diversity / _cConrad Phillip Kottak. |
| 250 | _a10th ed. | ||
| 260 |
_aBoston : _bMcGraw-Hill,2004 _cc2004. |
||
| 300 |
_axxix, 720, [118] p. : _bcol. ill., col. maps ; _c26 cm. |
||
| 500 | _adistributer: Al-Ahram | ||
| 504 | _aIncludes bibliographical references and indexes. | ||
| 511 | _acatalogued by: wessam | ||
| 650 | 0 | _aAnthropology. | |
| 856 | 4 | 2 |
_3Publisher description _uhttp://www.loc.gov/catdir/enhancements/fy0702/2003048769-d.html |
| 856 | 4 | 2 |
_3Table of contents only _uhttp://www.loc.gov/catdir/enhancements/fy0702/2003048769-t.html |
| 942 |
_cBB _k301KOT |
||
| 999 |
_c5725 _d5725 |
||